| 000 | 00557nam a22002177a 4500 | ||
|---|---|---|---|
| 003 | OSt | ||
| 005 | 20140310181940.0 | ||
| 008 | 130724t xxu||||| |||| 00| 0 eng d | ||
| 020 | _a1853262994 | ||
| 050 |
_aPR 5684 _b.T847 1996 |
||
| 082 |
_aCLA _bT74p 1996 |
||
| 100 |
_aAnthony Trollope. _93600 |
||
| 245 |
_aPhineas finn / _cAnthony Trollope. |
||
| 260 |
_aGreat Britain : _bWordsworth Editions Ltd, _cc1996. |
||
| 300 |
_a575 p. ; _c20 cm. |
||
| 521 | _a | ||
| 541 | _j1 | ||
| 562 | _e1 | ||
| 650 |
_aFiction. _9746 |
||
| 942 |
_2lcc _cBBK _kCLA |
||
| 999 |
_c7638 _d7638 |
||